| 000 | 00680cam a22002291a 4500 | ||
|---|---|---|---|
| 001 | agr29000281 | ||
| 003 | DLC | ||
| 005 | 20260227110948.0 | ||
| 008 | 940209s1928 gw b b 000 0 ger c | ||
| 010 | _aagr29000281 | ||
| 035 | _a(OCoLC)29772975 | ||
| 040 |
_aLibrary, U.S. Dept. of Agriculture _cMnHi _dDLC |
||
| 042 | _apremarc | ||
| 043 | _an-cnp-- | ||
| 050 | 0 | 0 |
_aS471.C15 _bG6 1928 |
| 100 | 1 | _aGockel, Anton. | |
| 245 | 1 | 4 |
_aDie Landwirtschaft in den Prärieprovinzen West-Kanadas / _cvon Dr. Anton Gockel. |
| 260 |
_aBerlin : _bP. Parey, _c1928. |
||
| 300 |
_a140 p. : _bmaps ; _c27 cm. |
||
| 504 | _aIncludes bibliography. | ||
| 650 | 0 |
_aAgriculture _zPrairie Provinces. |
|
| 999 |
_c9249 _d9249 |
||